gruppi ultras italiani - Statistics

Statistiche generali
  • Questo quiz è stato fatto 28 volte
  • Il punteggio medio è 16 su 25
Statistiche sulle risposte
Hint Risposta % Corretto
Ultras Granata Torino
96%
SecondoAnelloVerde Inter
92%
Drughi Juventus
92%
Curva A Napoli
92%
Curva Nord Inferiore Palermo
88%
Via Armenia 5R Genoa
80%
Commando Monteverde Lazio
80%
Settore Ostile Bologna
76%
UnoNoveDueSei Fiorentina
76%
Insurrezione Roma
76%
Sconvolts Cagliari
72%
Boys1977 Parma
72%
Ultras Tito Sampdoria
72%
Teddy Boys Udinese
72%
Seguaci Bari
68%
Kapovolti Pisa
60%
Desperados Empoli
56%
A Sud del Fiume Pescara
56%
WeissShwarz Brigaden Cesena
44%
Prima Linea Livorno
40%
Ingrifati Perugia
40%
Teste Quadre Reggiana
40%
Anni Ottanta Cosenza
32%
Quelli della Est Ternana
28%
Bandaraia Sambenedettese
16%
Nessun quiz corrispondente trovato
Distribuzione punteggi
Percentuale di utenti per punteggio
Percentile per numero di risposta
I tuoi punteggi nel tempo
Non hai fatto questo quiz